000 01786nam0a2200349 4500
001 RU\NLR\bibl\1833893
005 20260406063944.0
010 _a978-5-09-022867-1
_91000
021 _aRU
_b2011-79915
_9541д/11
035 _a(NLR Aleph) 001824383
090 _a2050207
_c2050207
100 _a20111115d2011 |||y0rusy50 ca
101 0 _arus
_aspa
102 _aRU
105 _ay |||||||||
200 1 _aИспанский язык
_eкнига для учителя
_e8 класс
_eпособие для учителей общеобразовательных учреждений и школ с углубленным изучением испанского языка
_fН.А. Кондрашова, С.В. Костылева
210 _aМосква
_cПросвещение
_d2011
215 _a156, [1] с.
_d22
300 _aНа обл.: Español: libro del profesor: 8 / N. Kondrashova, S. Kóstyleva
512 1 _6z45790
_aEspañol
_elibro del profesor
_e8
606 1 _aИспанский язык
_jУчебные издания для средней школы
_xПреподавание
_xСредняя школа
_92262854
_3RU\NLR\auth\661356662
686 _aЧ426.179Исп.2(2)я72
700 1 _4070
_8rus
_7ca
_aКондрашова
_bН. А.
_gНадежда Азариевна
_3RU\NLR\auth\7722807
_95862
701 1 _4070
_7ca
_8rus
_aКостылева
_bС. В.
_gСветлана Владимировна
_3RU\NLR\auth\7723483
_96536
790 1 _4070
_8rus
_7ba
_aKondrašova
_bN. A.
_gNadežda Azarievna
_3RU\NLR\auth\7722808
_95863
790 1 _4070
_7ba
_8rus
_aKostyleva
_bS. V.
_gSvetlana Vladimirovna
_3RU\NLR\AUTH\7723484
_96537
801 0 _aRU
_bNLR
_c20111115
_gRCR
801 1 _aRU
_bNLR
_c20111115
942 _cBOOK
980 _aNB
980 _aNBR